Ever-Present Top Flight Football Clubs - Statistics

General Stats
  • This quiz has been taken 33 times
  • The average score is 15 of 17
Answer Stats
Country Club % Correct
Netherlands Ajax
100%
Spain Barcelona
100%
Portugal Benfica
100%
Scotland Celtic
100%
Portugal Porto
100%
Netherlands PSV Eindhoven
100%
Spain Real Madrid
100%
Portugal Sporting CP
100%
Italy Inter Milan
97%
Netherlands Feyenoord
90%
Turkey Galatasaray
90%
Spain Athletic Bilbao
83%
Greece Olympiacos
79%
Turkey Fenerbahçe
76%
Turkey Beşiktaş
72%
Greece Panathinaikos
72%
Greece PAOK
62%
No matching quizzes found
Score Distribution
Percent of People with Each Score
Percentile by Number Answered
Your Score History
You have not taken this quiz